000 00453cam a2200181 4500
001 D13863
008 090401t1969 xxu||||| |||| 00| 0 eng d
035 _a(Sirsi) u12102
041 _aeng
100 _aSeward, Guy
245 _aNoter-up and supplement to the Land Commission Act 1967
260 _aLondon
_bCharles Knight & Co
_c1969
350 _a0
520 _aShelf 135
700 _aStewart-Smith, W.R.
942 _n0
948 _c04/03/1997
999 _c86949
_d86949